000 01331cam a22003857a 4500
003 CHAP
005 20220329133104.0
008 971013s1991 r 00010 d
010 _a2015
011 _a2987
035 _a2187
040 _cCHAP
090 _aTesis
100 0 0 _aTrujillo Narcía, Antonio.
_9115413
245 0 _aFactores sociales limitativos de la producción agropecuaria en Plan Chontalpa, Tabasco
260 _aMontecillo, Méx. :
_bEl Autor,
_c1991
300 _a192 h.
502 _aTesis (M.C. Esp. en Edafología) -- CP. Centro de Edafología
590 _aALEPH
_b10
_c20130110
_lUCH01
_h1211
590 _aBATCH-UPD
_b10
_c20130110
_lUCH01
_h0000
590 _aBATCH-UPD
_b10
_c20130110
_lUCH01
_h1532
590 _aBATCH-UPD
_b10
_c20130409
_lUCH01
_h1935
590 _aBATCH-UPD
_b10
_c20130410
_lUCH01
_h0938
590 _aBATCH-UPD
_b10
_c20130914
_lUCH01
_h1116
590 _aCONVERSION
_b10
_c20130109
_lUCH01
_h1302
650 1 4 _aAgricultura
_xAspectos economicos
_xTabasco.
_91297
650 1 4 _aCultivos
_xRendimiento.
_930318
650 1 4 _aEjidos
_xTabasco.
_936031
650 1 4 _aPlan Chontalpa.
_988656
650 1 4 _aTabasco
_xCondiciones sociales.
_9111271
901 _aBK
942 _cFOLL
949 _bBC
_cTES
_d-11685
_eTS1
_h23930
_i2187
_si
949 _bBC
_cTES
_d-71451
_eTS2
_fc.2
_h23931
_i2187
_si
999 _c2015
_d2015